000 00686nam a2200289Ia 4500
005 20260324132921.0
008 008 260324s9999 xx 000 0 eng d
020 _a9780203505144
037 _aEBOOK
040 _aCRL
040 _beng
040 _cCRL
041 _2eng
041 _aeng
084 _qCRL
100 _aErika E. Hess
_91191107
245 0 _aLiterary Hybrids
245 0 _bIndeterminacy in Medieval & Modern French Narrative
260 _bTaylor and Francis
260 _c2004
365 _a
365 _b230
856 _uhttp://www.taylorfrancis.com/books/9780203505144
942 _cEBOOK
999 _c1789656
_d1789656